| 000 | 00914nam a2200265 i 4500 | ||
|---|---|---|---|
| 001 | 10297 | ||
| 003 | ES-MaACL | ||
| 005 | 20230906145847.0 | ||
| 007 | t| | ||
| 008 | 950420s1993 sp ||||1| spa d | ||
| 020 | _a84-7844-161-1 | ||
| 080 | _a7.017.4 | ||
| 100 | 1 |
_aGage, John. _953220 |
|
| 245 | 1 | 0 |
_aColor y cultura _b: la práctica y el significado del color de la antigüedad a la abstracción / _cJohn Gage ; traducción de Adolfo Gómez Cedillo y Rafael Jackson Martín. |
| 260 |
_aMadrid : _bSiruela, _c1993. |
||
| 300 |
_a335 p. : _bil. col. y n. ; _c29 cm. |
||
| 490 | 1 | _aLa Biblioteca azul. Serie mayor | |
| 504 | _aBibliografía : p. 303-323. | ||
| 650 | 4 |
_aColor. _911153 |
|
| 700 | 1 |
_aGómez Cedillo, Adolfo. _957866 |
|
| 700 | 1 |
_aJackson Martín, Rafael. _965823 |
|
| 830 | 0 |
_aLa Biblioteca azul. Serie mayor _9179019 |
|
| 852 |
_aES-MaACL _jL-17818 _bR.122900 |
||
| 999 |
_c10297 _d10297 |
||